000 00529nam a2200157 4500
001 138145
003 ES-MaACL
005 20230906195519.0
007 t|
008 070214s1924 sp r ||||1| spa d
100 1 _aSánchez de Rivera y Mosét, Daniel.
_9102596
245 1 0 _aLo sexual
_b: (peligros y consecuencias de los vicios y enfermedades sexuales) /
_cDr. Daniel Sánchez de Rivera y Mosét.
260 _aMadrid :
_b[s. n.,
_c1924] (
_fImp. Helénica)
300 _aVII, 235 p. ;
_c19 cm.
852 _aES-MaACL
_jB-11986
999 _c138145
_d138145